| 000 | cam a22 7a 4500 | ||
|---|---|---|---|
| 999 |
_c7183 _d7183 |
||
| 003 | OSt | ||
| 005 | 20181205112141.0 | ||
| 008 | 181129s2015 fr 000 0 fre d | ||
| 020 | _a9782362200359 | ||
| 040 |
_aES-BaUAB _bcat _cCDMR |
||
| 100 | 1 |
_aCapa, Robert, _d1913-1954 |
|
| 245 | 1 | 0 |
_aRobert Capa _b: 100 photographs pour la liberté de la presse _c/ Robert Capa |
| 260 |
_aParis : _bReporters sans frontières, _c2015 |
||
| 300 |
_a168 p. : _bil·lustracions ; _c26 cm |
||
| 490 |
_aReporters without borders ; _v50 |
||
| 600 | 1 | 4 |
_aCapa, Robert, _d1913-1954 |
| 650 | 0 | 4 | _aLlibertat de premsa |
| 650 | 4 |
_aFotografia de guerra _94205 |
|
| 700 | 1 |
_93197 _aCapa, Robert |
|
| 710 | 2 | _aReporters sans frontières (Associació) | |
| 942 |
_cMON _2udc |
||